00487 2200169 4500001002100000005001500021035002000036245006400056100001500120250002000135300003100155260007200186082000800258084001400266020002200280650001500302INLIS00000000000034120210826121442 a0010-08210000171 alentera nanggroe :bkumpulan opini pendidikan /cQusthalani0 aQusthalani acetakan pertama ax,153 halaman :bilustrasi abanda aceh :bdinas perpustakaan dan kearsipan provinsi aceh,c2019 a370 a370 QUS l a978-602-8307-52-9 4apendidikan